Internal CombustionEngine Fundamentals (Record no. 18403)

MARC details
000 -LEADER
fixed length control field 00454nam a22001817a 4500
005 - DATE AND TIME OF LATEST TRANSACTION
control field 20230523140727.0
008 - FIXED-LENGTH DATA ELEMENTS--GENERAL INFORMATION
fixed length control field 230523b |||||||| |||| 00| 0 eng d
020 ## - INTERNATIONAL STANDARD BOOK NUMBER
ISBN 9781259002076
082 ## - DEWEY DECIMAL CLASSIFICATION NUMBER
Classification number 621.43
Item number HEY-I
100 ## - MAIN ENTRY--AUTHOR
Author Name Heywood;John.B
245 ## - TITLE STATEMENT
Title Internal CombustionEngine Fundamentals
260 ## - PUBLICATION, DISTRIBUTION, ETC.
Place of Publication India
Name of publisher, distributor, etc. McGraw Hill
Date of publication, distribution, etc. 2016
300 ## - PHYSICAL DESCRIPTION
Pages 930
500 ## - GENERAL NOTE
General note Includes Index
650 ## - SUBJECT ADDED ENTRY--TOPICAL TERM
Subject / Department Engineering
700 ## - ADDED ENTRY--PERSONAL NAME
Personal name John B. Heywood
952 ## - LOCATION AND ITEM INFORMATION (KOHA)
-- 0
-- 0
952 ## - LOCATION AND ITEM INFORMATION (KOHA)
-- 0
-- 0
Holdings
Lost status Damaged status Permanent Location Current Location Shelving Location Date acquired Full Call Number Accession No./Barcode Date last seen Copy number item type
    Superior Information Resource Center (SIRC) Superior University- Main Campus Superior Information Resource Center (SIRC) Superior University- Main Campus Engineering 05/23/2023 621.43 HEY-I 2011 15615 05/23/2023 1 BOOK
    Superior Information Resource Center (SIRC) Superior University- Main Campus Superior Information Resource Center (SIRC) Superior University- Main Campus Engineering 05/24/2023 621.43 HEY-I 2011 15596 05/24/2023 2 BOOK

Powered by Koha